000 00409nam a2200133Ia 4500
005 20260326235450.0
008 260326s9999||||xx |||||||||||||| ||und||
100 _aOleas Serrano, Diego
245 0 _aVII Foro Internacional de Arquitectura :
_b México Contemporáneo /
_cDiego Oleas Serrano
260 _bUniversidad San Francisco de Quito
300 _a195 p.
650 _aARQUITECTURA REGIONAL
942 _cBK
999 _c7739
_d7739